Steve Clarke's Scotland Cap Quiz - Statistics

General Stats
  • This quiz has been taken 112 times
    27 since last reset
  • The average score is 42 of 75
Answer Stats
Answer % Correct
Andrew Robertson
100%
Che Adams
95%
John McGinn
95%
Paul McGinn
95%
Scott McTominay
95%
Callum McGregor
86%
Craig Gordon
86%
Kieran Tierney
86%
Scott McKenna
86%
Angus Gunn
81%
Anthony Ralston
81%
Billy Gilmour
81%
Grant Hanley
81%
Lawrence Shankland
81%
Lyndon Dykes
81%
Nathan Patterson
76%
Stuart Armstrong
76%
Ben Doak
71%
Greg Taylor
71%
Ryan Christie
71%
David Marshall
67%
John Souttar
67%
Kenny McLean
67%
Lewis Ferguson
67%
Stephen O'Donnell
67%
Zander Clark
67%
Aaron Hickey
62%
Jack Hendry
62%
Liam Kelly
62%
Oli McBurnie
62%
Ryan Porteous
62%
Jacob Brown
57%
Lennon Miller
57%
Liam Palmer
57%
Oliver Burke
57%
Ryan Jack
52%
Stuart Findlay
52%
Andrew Considine
48%
Declan Gallagher
48%
James Forrest
48%
Leigh Griffiths
48%
Michael Devlin
48%
Nicky Devlin
48%
Ross Stewart
48%
Ryan Fraser
48%
Tommy Conway
48%
Cieran Slicker
43%
Dominic Hyam
43%
Eamonn Brophy
43%
George Hirst
43%
Kevin Nisbet
43%
Liam Cooper
43%
Max Johnston
43%
Ryan Gauld
43%
Steven Naismith
43%
Callum Paterson
38%
Charlie Mulgrew
38%
David Turnbull
38%
James Wilson
38%
John Fleck
38%
Jon McLaughlin
38%
Josh Doig
38%
Kieron Bowie
38%
Paul Hanlon
38%
Robert Snodgrass
38%
Ross McCrorie
38%
Stephen Kingsley
38%
Connor Barron
33%
Johnny Russell
33%
Matt Phillips
33%
Andy Irving
29%
Lewis Morgan
29%
Allan Campbell
24%
Ross Doohan
24%
Calvin Ramsay
19%
No matching quizzes found
Score Distribution
Percent of People with Each Score
Percentile by Number Answered
Your Score History
You have not taken this quiz since the last reset